Bases é instrucción general para el servicio de caminos vecinales en la provincia de Guipúzcoa
Descripción Física:
112 p. ; 21 cm
MARC
| LEADER | 00000nam a2200000Ia 4500 | ||
|---|---|---|---|
| 001 | 19589 | ||
| 008 | 160829s1898 xx 000 0 cat d | ||
| 080 | |a C-3-16 | ||
| 245 | |a Bases é instrucción general para el servicio de caminos vecinales en la provincia de Guipúzcoa | ||
| 260 | |a San Sebastián : |b Imprenta de la Provincia, |c 1898 | ||
| 300 | |a 112 p. ; |c 21 cm | ||
| 650 | |a Carreteres |x Guipúscoa (Província) |9 40064 | ||
| 650 | |a Camins veïnals |x Guipúscoa (Província) |9 40065 | ||
| 901 | |a Arxiu | ||
| 942 | |n 1 | ||
| 952 | |0 0 |1 0 |4 0 |6 C316 |7 1 |9 49396 |a Arxiu |b Arxiu |d 2016-12-01 |l 0 |o C-3-16 |p 19589 |r 2016-12-01 00:00:00 |w 2016-12-01 |y ARXIU | ||
| 999 | |c 53238 |d 53238 | ||